Latin Diacritics Quiz - Statistics

General Stats
  • This quiz has been taken 7 times
    5 since last reset
  • The average score is 35 of 77
Answer Stats
A, E, I, O, U Languages That Use % Correct
Á Czech | Icelandic | Faroese | Spanish | Portuguese | Slovak | Hungarian | Dutch
100%
Æ Danish | Norwegian | Icelandic | Faroese
100%
È French | Italian | Catalan
100%
É French | Italian | Czech | Icelandic | Spanish | Portuguese | Catalan | Slovak | Hungarian | Dutch
100%
Ê French | Portuguese
100%
Î French | Romanian
100%
Í Czech | Icelandic | Faroese | Spanish | Portuguese | Catalan | Slovak | Hungarian | Dutch
80%
Ø Danish | Norwegian | Faroese
80%
Å Danish | Norwegian | Swedish
80%
À French | Italian | Portuguese | Catalan
80%
 French | Portuguese | Romanian
80%
ß German
80%
Ä German | Luxembourgish | Swedish | Finnish | Slovak | Estonian | Dutch | Turkmen
80%
Ö German | Turkish | Luxembourgish | Swedish | Finnish | Icelandic | Estonian | Hungarian | Azerbaijani | Dutch | Turkmen
80%
à Portuguese
80%
Ñ Spanish
80%
Ə Azerbaijani
60%
Ž Czech | Croatian | Bosnian | Latvian | Lithuanian | Slovak | Slovene | Turkmen
60%
Ë French | Albanian | Dutch
60%
Ï French | Catalan | Dutch
60%
Ô French | Portuguese | Slovak
60%
Ç French | Turkish | Portuguese | Catalan | Albanian | Azerbaijani | Turkmen
60%
Ő Hungarian
60%
Ð (ð) Icelandic | Faroese
60%
Ó Italian | Polish | Czech | Icelandic | Faroese | Spanish | Portuguese | Catalan | Slovak | Hungarian | Dutch
60%
Ł Polish
60%
Ź Polish
60%
Ă (soft) Romanian
60%
Đ (đ) Croatian | Bosnian
40%
Ř Czech
40%
Š Czech | Croatian | Bosnian | Latvian | Lithuanian | Slovak | Slovene
40%
Č Czech | Croatian | Bosnian | Lithuanian | Slovak | Slovene
40%
Ý Czech | Icelandic | Faroese | Slovak | Turkmen
40%
Ú Czech | Icelandic | Faroese | Spanish | Portuguese | Catalan | Slovak | Hungarian | Dutch
40%
Û French
40%
Ù French | Italian
40%
Į Lithuanian
40%
Ħ Maltese
40%
Ś Polish
40%
Ć Polish | Croatian | Bosnian
40%
Ą Polish | Lithuanian
40%
Ę Polish | Lithuanian
40%
Ż Polish | Maltese
40%
Õ Portuguese | Estonian
40%
Ț Romanian
40%
İ (tall) Turkish | Azerbaijani
40%
Ğ Turkish | Azerbaijani
40%
Ş Turkish | Azerbaijani | Turkmen
40%
Ě (sharp) Czech
20%
Ů Czech
20%
Ď Czech
20%
Ť Czech
20%
Ň Czech | Turkmen
20%
Ÿ French
20%
Ü French | German | Turkish | Luxembourgish | Portuguese | Catalan | Estonian | Hungarian | Azerbaijani | Dutch | Turkmen
20%
Ű Hungarian
20%
Ì Italian
20%
Ò Italian | Catalan
20%
Ā Latvian
20%
Ē Latvian
20%
Ī Latvian
20%
Ģ Latvian
20%
Ķ Latvian
20%
Ļ Latvian
20%
Ņ Latvian
20%
Ū Latvian | Lithuanian
20%
Ė Lithuanian
20%
Ų Lithuanian
20%
Ċ Maltese
20%
Ġ Maltese
20%
Ń Polish
20%
Ș Romanian
20%
Ĺ Slovak
20%
Ľ Slovak
20%
Ŕ Slovak
20%
Ĩ Vietnamese
20%
Ũ Vietnamese
20%
No matching quizzes found
Score Distribution
Percent of People with Each Score
Percentile by Number Answered
Your Score History
You have not taken this quiz since the last reset